First and Last Letters: Books Quiz Stats

 Plays Quiz Updated Feb 3, 2016

Challenge
Share
Tweet
Embed
Score 0/28 Timer 08:00
0 Plays Today
Letters Book % Correct
Te Da Vi CeThe Da Vinci Code
92.4%
Ch 22Catch 22
89.5%
Ld of te FsLord of the Flies
86.4%
On te RdOn the Road
83.3%
Te Cr in te ReThe Catcher in the Rye
79.1%
Ge Wh te WdGone with the Wind
78.8%
Te Ln, te Wh ad te WeThe Lion, the Witch and the Wardrobe
78.5%
Be Nw WdBrave New World
76.9%
Te Ct of Me CoThe Count of Monte Cristo
73.1%
Pe ad PePride and Prejudice
72.1%
Fr Wm te Bl TsFor Whom the Bell Tolls
57.7%
Ce ad PtCrime and Punishment
56.5%
Te As of Hy FnThe Adventures of Huckleberry Finn
51.7%
Nn Ey-FrNineteen Eighty-Four
51.2%
Letters Book % Correct
As As in WdAlice's Adventures in Wonderland
49.8%
Te Sd ad te FyThe Sound and the Fury
48%
Ce ad te Ce FyCharlie and the Chocolate Factory
46.2%
Te Gs of WhThe Grapes Of Wrath
44.3%
Ad te Wd in Ey DsAround the World in Eighty Days
41.9%
Te Vy Hy CrThe Very Hungry Caterpillar
39.5%
Fr Fm te Mg CdFar From the Madding Crowd
31.4%
Zn ad te At of Me MeZen and the Art of Motorcycle Maintenance
30.9%
To te LeTo the Lighthouse
28.3%
Te Ne of te ReThe Name of the Rose
27.4%
Oe Dy in te Le of In DhOne Day in the Life of Ivan Denisovich
24.2%
Te Od Cy SpThe Old Curiosity Shop
22.3%
Te Gd of Sl TsThe God of Small Things
19.6%
Te Cn of te Ce BrThe Clan of the Cave Bear
18.2%

You're not logged in!

Compare scores with friends on all Sporcle quizzes.
Join for Free
OR
Log In

You Might Also Like...

Show Comments

Extras

Top Quizzes Today


Score Distribution

Your Account Isn't Verified!

In order to create a playlist on Sporcle, you need to verify the email address you used during registration. Go to your Sporcle Settings to finish the process.

Report this User

Report this user for behavior that violates our Community Guidelines.

Details: